Experiential learning: a handbook for education training and coaching. (Record no. 208338)

MARC details
000 -LEADER
fixed length control field 00487nam a2200157Ia 4500
008 - FIXED-LENGTH DATA ELEMENTS--GENERAL INFORMATION
fixed length control field 210716s2013 xx 000 0 und d
020 ## - INTERNATIONAL STANDARD BOOK NUMBER
International Standard Book Number 9780749467654
041 ## - LANGUAGE CODE
Language code of text/sound track or separate title eng
082 ## - DEWEY DECIMAL CLASSIFICATION NUMBER
Classification number 374.22 BEAC
100 ## - MAIN ENTRY--PERSONAL NAME
Personal name Beard, Colin;Wilson, John P.
245 ## - TITLE STATEMENT
Title Experiential learning: a handbook for education training and coaching.
Remainder of title Handbook for education training and coaching.
250 ## - EDITION STATEMENT
Edition statement 3
260 ## - PUBLICATION, DISTRIBUTION, ETC.
Place of publication, distribution, etc. New Delhi
Name of publisher, distributor, etc. Kogan Page
Date of publication, distribution, etc. 2013
300 ## - PHYSICAL DESCRIPTION
Extent ix,331
650 ## - SUBJECT ADDED ENTRY--TOPICAL TERM
Topical term or geographic name entry element General Management
Holdings
Withdrawn status Lost status Damaged status Not for loan Collection code Home library Current library Date acquired Cost, normal purchase price Total Checkouts Full call number Barcode Date last seen Cost, replacement price Price effective from Koha item type
        MBA St Aloysius Institute of Management & Information Technology St Aloysius Institute of Management & Information Technology 12/19/2013 995.00   374.22 BEAC MBA10904 05/23/2026 746.25 07/16/2021 Book